LIBRARY & INFORMATION CENTRE, KCAET, TAVANUR

ONLINE PUBLIC ACCESS CATALOGUE (OPAC)

American Literature of the Nineteenth Century an Anthology / (Record no. 813)

MARC details
000 -LEADER
fixed length control field 00442cam a2200145ua 4500
082 ## - DEWEY DECIMAL CLASSIFICATION NUMBER
Classification number 810
Item number FIS/AM
100 ## - MAIN ENTRY--AUTHOR NAME
Personal name Fisher, William.J .
245 00 - TITLE STATEMENT
Title American Literature of the Nineteenth Century an Anthology /
260 ## - PUBLICATION, DISTRIBUTION, ETC. (IMPRINT)
Place of publication New Delhi :
Name of publisher Eurasia Publishing House Pvt Ltd ,
Year of publication 1959.
300 ## - PHYSICAL DESCRIPTION
Number of Pages 546 ; .
700 1# - ADDED ENTRY--PERSONAL NAME
Personal name Reninger, Williard H .
700 1# - ADDED ENTRY--PERSONAL NAME
Personal name Samuelson, Ralph .
700 1# - ADDED ENTRY--PERSONAL NAME
Personal name Vaid, K. B .
942 ## - ADDED ENTRY ELEMENTS (KOHA)
Koha item type Books
Holdings
Withdrawn status Lost status Damaged status Home library Current library Date acquired Full call number Accession Number Koha item type
      KAUAET KAUAET 07/04/2012 810 13248 Books
free website counter